Normal view
MARC view
Entry Personal Name
001 - CONTROL NUMBER
- control field: 13079
003 - CONTROL NUMBER IDENTIFIER
- control field: BD-RjUL
005 - DATE AND TIME OF LATEST TRANSACTION
- control field: 20240520105733.0
008 - FIXED-LENGTH DATA ELEMENTS
- fixed length control field: 240520|| aca||aabn | a|a d
040 ## - CATALOGING SOURCE
- Original cataloging agency: BD-RjUL
- Transcribing agency: BD-RjUL
100 ## - HEADING--PERSONAL NAME
- Personal name: Karim, K. N. Shahjahan
670 ## - SOURCE DATA FOUND
- Source citation: Work cat.: (BD-RjUL)83779: Karim, K. N. Shahjahan, Bio-Ecology of Aphis Gossyphglov. (Homoptera : Aphididae) Infesting Brinjal Plant at Rajshahi, Bangladesh /, 1997